| 000 | 05688cam a22018494i 4500 | ||
|---|---|---|---|
| 003 | PE-LiUPU | ||
| 005 | 20250813165638.0 | ||
| 008 | 150625s2005 ag a r 000 0 spa d | ||
| 020 | _a9875671320 | ||
| 020 | _a9789875671324 | ||
| 035 | _a(Sirsi) i9789875671324 | ||
| 040 |
_aPE-LiUPU _bspa _cPE-LiUPU _dPE-LiUPU _erda |
||
| 049 | _aPRUA | ||
| 050 | 4 |
_aTX341 _b.L46 2010 |
|
| 082 | 0 | 4 |
_a612.3 _bL44 _221 |
| 100 | 1 |
_aLeme de Vidal, Eunice, _eautor. |
|
| 245 | 1 | 3 |
_aEl placer de comer bien : _balimentos para prevenir y curar / _cEunice Leme de Vidal. |
| 264 | 1 |
_aBuenos Aires : _bAsociación Casa Editora Sudamericana, _c2005. |
|
| 300 |
_a176 páginas : _bilustraciones ; _c27 centímetros |
||
| 336 |
_atext _2rdacontent |
||
| 337 |
_aunmediated _2rdamedia |
||
| 338 |
_avolume _2rdacarrier |
||
| 505 | 0 | _aDía a día con sabor: Los secretos de la buena alimentación -- Nutrientes: las funciones de cada uno -- Cómo preparar un menú saludable -- Recetas básicas -- Sistema nervioso: Depresión -- Insomnio -- Dolor de cabeza y jaquecas -- Epilepsia -- Estrés -- Sistema respiratorio -- Asma y bronquitis asmática -- Gripe y resfriados -- Sistema circulatorio: Enfermedades del corazón -- Mala circulación -- Hipertensión -- Anemia ferropénica -- Colesterol elevado -- Ácido úrico elevado (gota) -- Arterioesclerosis -- Várices de los miembros inferiores -- Sistema digestivo -- Acidez, gastritis y úlcera gastroduodenal -- Intestino perezoso (constipación, estreñimiento) -- Flatulencia (gases) -- Mal aliento -- Síndrome de colon irritable.-Sistema reproductor -- Tensión premenstrual y cólicos -- Menopausia -- Embarazo y amamantamiento -- Sistema inmunológico -- Alergias -- Herpes simples -- Rinitis alérgica -- Vale la pena saber: Acné -- Cálculos renales -- Osteoporosis -- Prevención del cáncer -- Obesidad -- Tabaquismo. | |
| 526 | _aP203 | ||
| 526 | _aP200 | ||
| 526 | _aSEG65 | ||
| 526 | _aSEG64 | ||
| 526 | _aSEG63 | ||
| 526 | _aSEG62 | ||
| 526 | _aSEG61 | ||
| 526 | _aSEG60 | ||
| 526 | _aSEG59 | ||
| 526 | _aSEG58 | ||
| 526 | _aSEG57 | ||
| 526 | _aSEG56 | ||
| 526 | _aSEG55 | ||
| 526 | _aSEG54 | ||
| 526 | _aSEG53 | ||
| 526 | _aSEG52 | ||
| 526 | _aSEG51 | ||
| 526 | _aSEG50 | ||
| 526 | _aSEG49 | ||
| 526 | _aSEG48 | ||
| 526 | _aSEG47 | ||
| 526 | _aSEG46 | ||
| 526 | _aSEG24 | ||
| 526 | _aSEG23 | ||
| 526 | _aSEG22 | ||
| 526 | _aSEG21 | ||
| 526 | _aSEG20 | ||
| 526 | _aSEG19 | ||
| 526 | _aSEG18 | ||
| 526 | _aSEG17 | ||
| 526 | _aSEG16 | ||
| 526 | _aSEG14 | ||
| 526 | _aSEG13 | ||
| 526 | _aSEG12 | ||
| 526 | _aSEG11 | ||
| 526 | _aSEG10 | ||
| 526 | _aSEG09 | ||
| 526 | _aSEG06 | ||
| 526 | _aSEG05 | ||
| 526 | _aSEG04 | ||
| 526 | _aSEG03 | ||
| 526 | _aSEG02 | ||
| 526 | _aSEG68 | ||
| 526 | _aSEG66 | ||
| 526 | _aSEG45 | ||
| 526 | _aSEG25 | ||
| 526 | _aSEG01 | ||
| 526 | _aP163 | ||
| 526 | _aP162 | ||
| 526 | _aP161 | ||
| 526 | _aP160 | ||
| 526 | _aP159 | ||
| 526 | _aP158 | ||
| 526 | _aP157 | ||
| 526 | _aP156 | ||
| 526 | _aP155 | ||
| 526 | _aP154 | ||
| 526 | _aP153 | ||
| 526 | _aP152 | ||
| 526 | _aP151 | ||
| 526 | _aP150 | ||
| 526 | _aP149 | ||
| 526 | _aP142 | ||
| 526 | _aP141 | ||
| 526 | _aP140 | ||
| 526 | _aP139 | ||
| 526 | _aP138 | ||
| 526 | _aP137 | ||
| 526 | _aP132 | ||
| 526 | _aP131 | ||
| 526 | _aP130 | ||
| 526 | _aP126 | ||
| 526 | _aP125 | ||
| 526 | _aP124 | ||
| 526 | _aP123 | ||
| 526 | _aP115 | ||
| 526 | _aP122 | ||
| 526 | _aP121 | ||
| 526 | _aP116 | ||
| 526 | _a P114 | ||
| 526 | _aP112 | ||
| 526 | _aP111 | ||
| 526 | _aP104 | ||
| 526 | _aP103 | ||
| 526 | _aP102 | ||
| 526 | _aP101 | ||
| 526 | _aP100 | ||
| 526 | _aP96 | ||
| 526 | _aP95 | ||
| 526 | _aP93 | ||
| 526 | _aP92 | ||
| 526 | _aP91 | ||
| 526 | _aP88 | ||
| 526 | _aP83 | ||
| 526 | _aP82 | ||
| 526 | _aP79 | ||
| 526 | _aP78 | ||
| 526 | _aP75 | ||
| 526 | _aP74 | ||
| 526 | _aP71 | ||
| 526 | _aP69 | ||
| 526 | _a P51 | ||
| 526 | _aP49 | ||
| 526 | _aP48 | ||
| 526 | _aP47 | ||
| 526 | _aP33 | ||
| 526 | _aP31 | ||
| 526 | _a P30 | ||
| 526 | _aP29 | ||
| 526 | _aP27 | ||
| 526 | _aP26 | ||
| 526 | _aP25 | ||
| 526 | _aP24 | ||
| 526 | _a P22 | ||
| 526 | _aP10 | ||
| 526 | _aP09 | ||
| 526 | _a P08 | ||
| 526 | _aP06 | ||
| 526 | _aP05 | ||
| 526 | _aP04 | ||
| 526 | _aP01 | ||
| 541 | _g001-001252; | ||
| 650 | 0 | 4 | _aDietas. |
| 650 | 0 | 4 |
_aNutrición. _9394 |
| 942 |
_2ddc _cBOOK |
||
| 949 |
_a612.3 L44 _wDEWEY _c1 _i56117 _d2017-8-27 _e2017-8-23 _f2017-2-16 _g1 _lCCODEBUL1 _mBUL _n3 _p19.00 _r0 _sY _tBOOK _u2015-6-25 _xSALUD _PP31 _0COMPRA _o.STAFF. Colección Ciencias de la Salud |
||
| 949 |
_a612.3 L44 _wDEWEY _c2 _i69833 _d2017-8-27 _e2017-8-23 _f2017-2-16 _g1 _lCCODEBUL1 _mBUL _n10 _p41.00 _r0 _sY _tBOOK _u2015-7-20 _xSALUD _PP31 _0COMPRA _o.STAFF. Colección General |
||
| 949 |
_aRM219.0.V53 S18 2010 _wDEWEY _c1 _iCW00140 _lCIA _mBWL _r0 _sY _tBOOK _u2017-2-7 _xWHITE _zUNKNOWN _0COMPRA |
||
| 994 |
_aC0 _bPEPRU |
||
| 596 | _a1 4 | ||
| 999 |
_a612.3 L44 _wDEWEY _c45316 _i56117 _d45316 _e2018-8-13 _f2021-11-3 _g5 _lCCODEBUL1 _mBUL _n4 _p19.00 _q3 _r0 _sY _tBOOK _u2015-6-25 _xSALUD _zP31 _0COMPRA _o.STAFF. Colección Ciencias de la Salud |
||
| 999 |
_a612.3 L44 _wDEWEY _c2 _i69833 _d2019-5-28 _e2019-3-31 _f2021-11-3 _g5 _lCCODEBUL1 _mBUL _n14 _p41.00 _q10 _r0 _sY _tBOOK _u2015-7-20 _xSALUD _PP31 _0COMPRA _o.STAFF. Colección Ciencias de la Salud |
||
| 999 |
_a612.3 L44 _wDEWEY _c1 _iCW00140 _f2021-12-23 _g2 _lCCODECWL1 _mBWL _p50.00 _r0 _sY _tBOOK _u2017-2-7 _xWHITE _zUNKNOWN _0COMPRA _o.STAFF. Centro White |
||
| 980 |
_81 _gALBERTO SANCHEZ Responsable de Automatización |
||